Michalovce štátna nemocnica

Zobrazenie: Pohľad na budovu štátnej nemocnice so stromami a oplotením v popredí

Bibliographic Details
Format: Postcard
Language:Slovak
PhysicalDescription:1 pohľadnica čiernobiela 9 x 14 cm
Published: Martin Bratislava Osveta PŠK-HSV 1957
Subjects:

MARC

LEADER 00000nkm a2200000 a 4500
001 vtls011628152
003 SK-MaSNL
005 20260512123529.0
007 kp bo
008 240131s1957 xo g kuslo
015 |a SNBG1957 
035 |a urn:nbn:sk:snk-km00eexk 
035 |a urn:nbn:sk:snk-km43e2g 
035 |a 2AF47D7D-4AB1-4335-B505-B94CD8D611B7 
040 |a SNK  |b slo  |c SNK  |e AACR2 
041 0 |a slo 
043 |a e-xo--- 
044 |a xo  |c SK 
072 7 |a 913  |x Regionálna geografia  |2 konspekt 
080 |a 913(437.6)  |2 2011 
080 |a (084.121)  |2 2011 
080 |a 725.511  |2 2011 
245 0 0 |a Michalovce  |h grafika  |b štátna nemocnica 
260 |a Martin  |b Osveta  |a Bratislava  |b PŠK-HSV  |c 1957 
300 |a 1 pohľadnica  |b čiernobiela  |c 9 x 14 cm 
520 8 |a Zobrazenie: Pohľad na budovu štátnej nemocnice so stromami a oplotením v popredí 
650 0 7 |a nemocnice  |2 SNKPH  |9 3008 
651 7 |a Michalovce (Slovensko)  |2 SNKPH  |9 22487 
655 7 |a miestne pohľadnice  |2 SNKPH  |9 70510 
852 |a Slovenská národná knižnica 
958 |a GBN 
958 |a GC 
958 |a OND 
958 |a EUIPO 
999 |c 769682  |d 771612 
952 |a SNK  |b SNK  |y PREZ  |7 0  |p 17A1222456  |o snkSP 18010  |0 0  |1 0  |4 0  |d 2017-05-10  |f 1  |l 0  |r 2026-02-24 00:31:16  |w 2026-02-24